Evolution of pollution abatement technology as applied to the Alberta oil sands /

Bibliographic Details
Corporate Authors: Alberta. Alberta Environment, Western Research & Development Ltd
Format: Book
Language:English
Published: [Calgary, Alta.?] : Western Research & Development Ltd., 1976.
Subjects:

MARC

Tag First Indicator Second Indicator Subfields
LEADER 00000cam a2200000 a 4500
001 in00000089547
005 20151008065412.0
008 790302s1976 abca b 00010 engm
010 |a  78325464  
015 |a C76-83335-4 
035 |a (OCoLC)04808039 
035 |9 AAK5885AM 
040 |a DLC  |c DLC  |d m.c.  |d TXA  |d UtOrBLW 
043 |a n-cn-ab 
049 |a TXAM  |c [1196794] 
050 0 0 |a TD888.P4  |b W47 1976 
082 0 |a 628.5/4 
245 0 0 |a Evolution of pollution abatement technology as applied to the Alberta oil sands /  |c prepared for Alberta Environment ; prepared by Western Research & Development Ltd. 
264 1 |a [Calgary, Alta.?] :  |b Western Research & Development Ltd.,  |c 1976. 
300 |a xiii, 162 leaves :  |b illustrations ;  |c 28 cm. 
336 |a text  |b txt  |2 rdacontent 
337 |a unmediated  |b n  |2 rdamedia 
338 |a volume  |b nc  |2 rdacarrier 
504 |a Includes bibliographical references. 
650 0 |a Petroleum refineries  |x Environmental aspects  |z Alberta. 
650 0 |a Air  |x Pollution  |z Alberta. 
650 0 |a Oil sands  |z Alberta. 
650 0 |a Sulfur  |x Environmental aspects  |z Alberta. 
710 1 |a Alberta.  |b Alberta Environment. 
710 2 |a Western Research & Development Ltd. 
999 |a MARS 
999 f f |s fd7ca25e-c604-32f0-ba51-ff0b4a3c7996  |i 90f94925-c4fa-3f92-bb84-cd8e258b561f  |t 0 
952 f f |p ric  |a Texas A&M University  |b Rellis Campus  |c Joint Library Facility  |d Remote Storage  |t 0  |e TD888.P4 W47 1976  |h Library of Congress classification  |i unmediated -- volume  |m A14806245760 
998 f f |a TD888.P4 W47 1976  |t 0  |l Remote Storage